000 00517nam a2200169Ia 4500
005 20241010100737.0
008 230117s9999 xx 000 0 und d
080 _a502:330.34 = H
_bRAN/P
100 _aRanajith, .ed
245 0 _aParyaavaran aur vikaas (पर्यावरण और विकास)
260 _bSahitya Ratnakar
_aKanpur
_c1993
300 _aiv,183p.
653 _aEnvironment - Protection
653 _aDevelopment - Environmental Aspects
700 _aBharathendu Prakash
942 _cBK
999 _c110833
_d110832